000 01364nam a2200241Ia 4500
999 _c37775
_d37775
001 3752
003 GE_BSU
005 20190813152352.0
008 181216s1984||||ge |||||||||||||| ||geo||
040 _cGE_BSU
041 _ageo
080 _a016:80 ჯ–54
245 _aსერგი ჯიქია :
_bბიობიბლიოგრაფია /
_cსაქ. სსრ მეცნ. აკად., ცენტრ. სამეც. ბიბ-კა ; შემდგ. ი. დუდუჩავა ; რედ.: თ. გამყრელიძე, ს. ხადური ; ბიბლიოგრ. რედ. თ. ნაკაშიძისა ; წინასიტყვ. ავტ. ცისანა აბულაძე
264 _aთბილისი :
_bმეცნიერება,
_c1984.
300 _a142 გვ. ;
_b21 სმ.
600 _aჯიქია სერგი
_93544
653 _aჯიქია, სერგი-ბიობიბლიოგრაფია
653 _aთურქოლოგია - ბიბლიოგრაფია
700 _aდუდუჩავა, ი.
_eშემდგენელი
_93545
700 _aგამყრელიძე, თ.
_eრედაქტორი
_93546
700 _aხადური, ს.
_eრედაქტორი
_93547
942 _cBK
_2udc